| 000 | 02210nam a2200337 a 4500 | ||
|---|---|---|---|
| 001 | ASIN1859463746 | ||
| 003 | OSt | ||
| 005 | 20180116192425.0 | ||
| 008 | 150128s2012 xxu eng d | ||
| 020 |
_a1859463746 (paperback) _c$39.95 |
||
| 020 | _a9781859463741 | ||
| 020 | _a9781859463741 (paperback) | ||
| 040 | _c0 | ||
| 050 | 0 | 4 | _aNA2542.36 |
| 082 | 0 | 4 | _a720.47 |
| 100 | 1 |
_aPelsmakers, Sofie. _97922 |
|
| 245 | 1 | 4 |
_aThe environmental design pocketbook / _cSofie Pelsmakers. |
| 250 | _aPoc ed. | ||
| 260 |
_aLondon : _bRIBA Publishing, _c2012. |
||
| 300 |
_a412 p. ; _c19 cm. |
||
| 520 | _aThe Environmental Design Pocketbook places the information you need for sustainable, low-energy building design at your fingertips. Packed with diagrams, tools, and tips, it cuts through the complex mass of technical data and legislation that faces the designer, and distils all the key guidance into a single reference that is quick and easy to use. Pointing to the facts, figures, and performance data that are most important, it includes: Succinct guidance on all core sustainability topics Concise explanations and reference to the latest legislation and codes Invaluable checklists Handy tools that allow you to quickly estimate the values relevant to your design Design guidance, technology, building science, and best practice. Twelve sections guide the designer from the fundamentals through to the building details themselves. From future-proofing for a changing climate to rainwater harvesting, retrofit, and zero-carbon technologies – the Pocketbook has got it covered. Written for architects, as well as engineers, planners, clients and developers, this handy new pocketbook will help the professional designer to meet and exceed sustainable standards. | ||
| 650 | 0 |
_aArchitecture--Environmental aspects _97923 |
|
| 650 | 0 |
_aCity planning _97924 |
|
| 650 | 0 |
_aEnvironmental management _97925 |
|
| 650 | 0 |
_aGreat Britain _97926 |
|
| 650 | 0 |
_aLand use--Planning _97927 |
|
| 650 | 0 |
_aSustainable architecture _97928 |
|
| 856 | 4 | 0 |
_3Amazon.com _uhttp://www.amazon.com/exec/obidos/ASIN/1859463746/chopaconline-20 |
| 942 |
_2ddc _cBK |
||
| 999 |
_c354042 _d354042 |
||